Thea Stilton and the mountain of fire / (Record no. 414)

MARC details
000 -LEADER
fixed length control field 02117nam a22004697a 4500
001 - CONTROL NUMBER
control field 414
003 - CONTROL NUMBER IDENTIFIER
control field FISKH
005 - DATE AND TIME OF LATEST TRANSACTION
control field 20250702153331.0
008 - FIXED-LENGTH DATA ELEMENTS--GENERAL INFORMATION
fixed length control field 230410b cb ||||| |||| 00| 0 eng d
020 ## - INTERNATIONAL STANDARD BOOK NUMBER
International Standard Book Number 9780545150606
035 ## - SYSTEM CONTROL NUMBER
System control number (OCoLC)ocn310398663
040 ## - CATALOGING SOURCE
Original cataloging agency BTCTA
Transcribing agency BTCTA
Modifying agency BRL
-- GO3
-- XY4
-- ZHX
-- VP@
-- DLC
-- FISKH
Language of cataloging eng
041 1# - LANGUAGE CODE
Language code of text/sound track or separate title eng
Language code of original ita
042 ## - AUTHENTICATION CODE
Authentication code lccopycat
050 00 - LIBRARY OF CONGRESS CALL NUMBER
Classification number PZ7
Item number .T3386 2009
082 00 - DEWEY DECIMAL CLASSIFICATION NUMBER
Classification number 853.914
Edition number 23
100 1# - MAIN ENTRY--PERSONAL NAME
Personal name Stilton, Thea.
240 10 - UNIFORM TITLE
Uniform title Montagna parlante.
Language of a work English
245 10 - TITLE STATEMENT
Title Thea Stilton and the mountain of fire /
Statement of responsibility, etc. [text by Thea Stilton ; with assistance from Shorty Tao ; cover by Manuela Razzi and Ketty Formaggio ; illustrations by Massimo Asaro ... et al.].
260 ## - PUBLICATION, DISTRIBUTION, ETC.
Place of publication, distribution, etc. New York :
Name of publisher, distributor, etc. Scholastic,
Date of publication, distribution, etc. 2009.
300 ## - PHYSICAL DESCRIPTION
Extent 159 pages. :
Other physical details col. ill., col. maps ;
Dimensions 20 cm.
490 0# - SERIES STATEMENT
Series statement Geronimo Stilton
505 ## - FORMATTED CONTENTS NOTE
Formatted contents note K
520 ## - SUMMARY, ETC.
Summary, etc. "An adventure down under! Moldy mozzarella! A flock of sheep at Nicky's family's Australian ranch was losing all its wool, and no one knew why. Nicky and her friends the Thea Sisters headed to Australia and set off on a tour of the whole country in serch of clues. What happened next turned out to be a truly memorable outback adventure!" -- P. [4] of cover.
521 1# - TARGET AUDIENCE NOTE
Target audience note 580 <br/>
Source Lexile
521 1# - TARGET AUDIENCE NOTE
Target audience note K <br/>
Source Raz-Plus
600 10 - SUBJECT ADDED ENTRY--PERSONAL NAME
Personal name Stilton, Geronimo
Form subdivision Juvenile fiction.
600 10 - SUBJECT ADDED ENTRY--PERSONAL NAME
Personal name Stilton, Thea
Form subdivision Juvenile fiction.
650 #0 - SUBJECT ADDED ENTRY--TOPICAL TERM
Topical term or geographic name entry element Mice
Form subdivision Juvenile fiction.
650 #0 - SUBJECT ADDED ENTRY--TOPICAL TERM
Topical term or geographic name entry element Ranches
Geographic subdivision Australia
Form subdivision Juvenile fiction.
650 #1 - SUBJECT ADDED ENTRY--TOPICAL TERM
Topical term or geographic name entry element Mice
Form subdivision Fiction.
655 #7 - INDEX TERM--GENRE/FORM
Genre/form data or focus term Adventure fiction.
Source of term gsafd
700 1# - ADDED ENTRY--PERSONAL NAME
Personal name Stilton, Thea.
700 1# - ADDED ENTRY--PERSONAL NAME
Personal name Razzi, Manuela,
Relator term ill.
700 1# - ADDED ENTRY--PERSONAL NAME
Personal name Formaggio, Ketty,
Relator term ill.
700 1# - ADDED ENTRY--PERSONAL NAME
Personal name Asaro, Massimo,
Relator term ill.
856 42 - ELECTRONIC LOCATION AND ACCESS
Materials specified Publisher description
Uniform Resource Identifier <a href="http://www.loc.gov/catdir/enhancements/fy1116/2010277176-d.html">http://www.loc.gov/catdir/enhancements/fy1116/2010277176-d.html</a>
856 42 - ELECTRONIC LOCATION AND ACCESS
Materials specified Contributor biographical information
Uniform Resource Identifier <a href="http://www.loc.gov/catdir/enhancements/fy1301/2010277176-b.html">http://www.loc.gov/catdir/enhancements/fy1301/2010277176-b.html</a>
906 ## - LOCAL DATA ELEMENT F, LDF (RLIN)
a 7
b cbc
c copycat
d 2
e ncip
f 20
g y-gencatlg
942 ## - ADDED ENTRY ELEMENTS (KOHA)
Source of classification or shelving scheme Dewey Decimal Classification
Koha item type Books
Suppress in OPAC No
Holdings
Withdrawn status Lost status Source of classification or shelving scheme Damaged status Not for loan Collection Home library Current library Shelving location Date acquired Total Checkouts Full call number Barcode Date last seen Date last checked out Price effective from Koha item type Copy number
    Dewey Decimal Classification     Juvenile Fiction Footprints International School Library Network Toul Kork Campus Footprints International School Library Network Toul Kork Campus TK Primary Library Room(4th Floor), Bookcase 3&4, Shelves 17-32, Yellow Books 04/10/2023 3 DAM 853.914 PZ7.T3386 FISTK04647 03/20/2026 01/30/2026 04/10/2023 Books  
    Dewey Decimal Classification     Juvenile Fiction Footprints International School Library Network Toul Tom Poung Campus Footprints International School Library Network Toul Tom Poung Campus TTP Primary Yellow Bookshelves 07/02/2025   DAM 853.914 PZ7.T3386 FIS01381 07/02/2025   07/02/2025 Books 2